| 000 | 00585nam a2200181Ia 4500 | ||
|---|---|---|---|
| 008 | 090630s9999 xx 000 0 und d | ||
| 082 | _b13159 | ||
| 100 | _aपंडीत शरश्चंद्र. | ||
| 245 |
_aलालसा. _cपंडीत शरश्चंद्र. |
||
| 260 |
_bपार्टनर. _c1994 |
||
| 300 | _a163 | ||
| 600 | _aपंडीत शरश्चंद्र. | ||
| 630 | _aलालसा. | ||
| 655 | _aकादंबरी. | ||
| 700 | _aपंडीत शरश्चंद्र. | ||
| 730 | _aलालसा. | ||
| 942 | _cBOOK | ||
| 999 |
_c265015 _d265015 |
||